| 000 | 00777cam a2200229 a 4500 | ||
|---|---|---|---|
| 001 | 1595155 | ||
| 005 | 20180216034641.0 | ||
| 008 | 940112s1994 caua b 001 0 eng | ||
| 010 | _a 94002124 | ||
| 020 | _a0126278601 (alk. paper) | ||
| 040 |
_aDLC _cDLC _dDLC |
||
| 041 | _aeng | ||
| 080 | _a574.50151 dav | ||
| 082 | 0 | 0 |
_a574.50151 dav _220 |
| 100 | 1 | _a9 | |
| 101 | _amje | ||
| 245 | 1 | 0 |
_aQuantitative ecology : _cDavid C. Schneider. |
| 504 | _aIncludes bibliographical references (p. 353-368) and indexes. | ||
| 906 |
_a7 _bcbc _corignew _d1 _eocip _f19 _gy-gencatlg |
||
| 942 |
_2ddc _cBK |
||
| 999 |
_c42740 _d42740 |
||